Property Litigation Association (Record no. 120666)
[ view plain ]
| 000 -LEADER | |
|---|---|
| fixed length control field | 01100cai a22001935a 4500 |
| 001 - CONTROL NUMBER | |
| control field | L143852 |
| 008 - FIXED-LENGTH DATA ELEMENTS--GENERAL INFORMATION | |
| fixed length control field | 080604* xxk f 000 0 eng d |
| 035 ## - SYSTEM CONTROL NUMBER | |
| System control number | (Sirsi) u143852 |
| 041 0# - LANGUAGE CODE | |
| Language code of text/sound track or separate title | eng |
| 110 2# - MAIN ENTRY--CORPORATE NAME | |
| Corporate name or jurisdiction name as entry element | Property Litigation Association |
| 9 (RLIN) | 4147 |
| 245 00 - TITLE STATEMENT | |
| Title | Property Litigation Association |
| Medium | [electronic resource] |
| 520 ## - SUMMARY, ETC. | |
| Summary, etc. | The PLA is a members organisation for professionals specialising in all aspects of commercial, residential and agricultural property litigation. It aims to promote specialist property litigation skills and act as a public voice for property litigation. Provides information about the organisation, forthcoming events, news of education and training and law reform, relevant case reviews and articles and contact details for many of members. Includes conference papers and presentations made at training days. |
| 590 ## - LOCAL NOTE (RLIN) | |
| Local note | KA |
| 650 24 - SUBJECT ADDED ENTRY--TOPICAL TERM | |
| Topical term or geographic name entry element | LANDLORD AND TENANT (COVENANTS) ACT 1995 |
| 651 #4 - SUBJECT ADDED ENTRY--GEOGRAPHIC NAME | |
| Geographic name | United Kingdom |
| Chronological subdivision | 1973- |
| 690 ## - LOCAL SUBJECT ADDED ENTRY--TOPICAL TERM (OCLC, RLIN) | |
| Topical term or geographic name as entry element | PROPERTY-COMMERCIAL PROPERTY |
| 856 40 - ELECTRONIC LOCATION AND ACCESS | |
| Uniform Resource Identifier | <a href="https://www.pla.org.uk/">https://www.pla.org.uk/</a> |
| Public note | View this website free of charge at www.pla.org.uk... |
| 942 ## - ADDED ENTRY ELEMENTS (KOHA) | |
| Suppress in OPAC | 0 |
| Withdrawn status | Lost status | Source of classification or shelving scheme | Damaged status | Not for loan | Home library | Current library | Shelving location | Date acquired | Total Checkouts | Full call number | Barcode | Date last seen | Copy number | Price effective from | Koha item type |
|---|---|---|---|---|---|---|---|---|---|---|---|---|---|---|---|
| Dewey Decimal Classification | Virtual | Virtual | Online | 04/06/2008 | ONLINE PUBLICATION | 143852-1001 | 06/08/2019 | 1 | 06/08/2019 | Online material |